| 000 | 01241cam a22003378a 4500 | ||
|---|---|---|---|
| 001 | 15815671 | ||
| 005 | 20100219095604.0 | ||
| 008 | 090713s2007 pau |db 001 0 eng | ||
| 020 | _a0781791189 | ||
| 020 | _a9780781791182 | ||
| 035 | _a(DNLM)101510482 | ||
| 040 |
_aDNLM/DLC _cDLC |
||
| 042 | _apcc | ||
| 050 | 0 | 0 |
_aRT48 _b.W43 2010 |
| 060 | 1 | 0 |
_aWY 100.4 _bW374h 2010 |
| 082 | 0 | 0 |
_a610.73 _222 _bWEB |
| 100 | 1 |
_aWeber, Janet. _912180 |
|
| 245 | 1 | 0 |
_aLab Manual to Accompany Health Assessment in Nursing / _cJanet Weber, Jane H. Kelley. |
| 250 | _a4th ed. | ||
| 260 |
_aPhiladelphia : _bWolters Kluwer Health/Lippincott Williams & Wilkins, 2007 _cc2007 |
||
| 300 |
_a349 p. : _bcol. ill.; _c27 cm. |
||
| 504 | _aIncludes bibliographical references and index. | ||
| 650 | 0 |
_aNursing assessment. _912181 |
|
| 650 | 1 | 2 |
_aNursing Assessment _xmethods. _912182 |
| 653 |
_bNUR _cApril2011 |
||
| 700 | 1 |
_aKelley, Jane, _d1944- _912183 |
|
| 700 | 1 |
_aSprengel, Ann _d1944- _923567 |
|
| 942 |
_2ddc _cNRB |
||
| 999 |
_c15236 _d15236 |
||